Statistics for Super Duper Easy Quiz

Click here to take the quiz!

General Stats

  • This quiz has been taken 20 times
  • The average score is 7 of 15

Answer Stats

QuestionAnswer% Correct
343*732251,076
79%
The exact coordinates of the Titanic wreck41º43'32”N, 49º56'49”W
64%
Which country owns the Inner Hebrides islands?Greece
57%
Millard Filmore13th president
50%
479*851407,629
50%
Barrack Obama's birthdayAugust 4th
50%
The capital of the Federated States of MicronesiaPalikir
50%
What is the nickname of the South African rugby union team?Springboks
50%
What is the biggest Italian province?Lombardia
43%
What made Nauru extremely rich?Phosphate mining
43%
The smallest country by population (not Vatican City)Vatican City
43%
The exact number of giant pandas alive in the wild1,864
36%
How big is the island of Ireland?32,595 mi²
36%
And finally, who is the best Spider-Man actor?Timothee Chalemet
29%
What is the record for most amount of goals scored in a single soccer game?149
21%

Score Distribution

Percentile by Number Answered

Percent of People with Each Score

Your Score History

You have not taken this quiz